000 00320nam a22001337a 4500
020 _a978-1-84920-024-0
082 _a658.4092
100 _aGill, Roger
245 _aTheory and Practice of Leadership
250 _a2nd
260 _aLondon:
_bSAGE Publications,
_c2011
300 _axix, 532p.: ill.; 24cm
942 _cBK
999 _c22198
_d22198